KOHA-Header-6

Business Ethics in Pakistan (Record no. 6104)

000 -LEADER
fixed length control field 00267nam a2200109Ia 4500
008 - FIXED-LENGTH DATA ELEMENTS--GENERAL INFORMATION
fixed length control field 190906s9999||||xx |||||||||||||| ||und||
100 ## - MAIN ENTRY--PERSONAL NAME
Personal name S. Zeeshan Arshad
245 #0 - TITLE STATEMENT
Title Business Ethics in Pakistan
260 ## - PUBLICATION, DISTRIBUTION, ETC. (IMPRINT)
Place of publication, distribution, etc New Jersey
Name of publisher, distributor, etc Thomson
Date of publication, distribution, etc 2006
300 ## - PHYSICAL DESCRIPTION
Extent 412
942 ## - ADDED ENTRY ELEMENTS (KOHA)
Koha item type Books
Holdings
Withdrawn status Lost status Source of classification or shelving scheme Damaged status Not for loan Collection code Permanent Location Current Location Shelving location Date acquired Full call number Barcode Date last seen Price effective from Koha item type
          Business MAJU MAJU   2019-09-06 302.25 5252 2019-09-06 2019-09-06 Business

Powered by Koha